000 00865nam a2200217 a 4500
003 0
005 20250611131636.0
008 021114s19uu xx 00 eng d
050 _aPGS QA 76.76.S64
_b.B931 1999
100 _aBugna, Via Jinky S.
245 _aThe effects of the millenium bug on computerized equipment /
_cVia Jinky S. Bugna.
260 _aLas PiƱas City, Philippines :
_bSouthville International School and Colleges,
_c1999.
300 _a45 pages :
_billustrations ;
_c28 cm.
504 _aIncludes bibliographical references.
650 _aYear 2000 date conversion (Computer systems).
_vEvaluation.
650 _a Millennium bug (Computer science)
_vEquipment failure.
650 _aComputer software
_vReliability.
650 _aElectronic equipment
_vFailures (Technology).
650 _aComputer systems
_vFailures.
942 _2lcc
_cPASS
999 _c96145
_d96145